000 02161cam a2200289 i 4500
005 20250329170946.0
006 m d
007 cr cnu---auaua
008 170623s2014 ck ado gs l000 0 spa
020 _a978-958-8469-86-7
040 _aCO-CtgCURN
_bspa
_ccoctgcurn
082 0 4 _a303.609
_bC397
110 2 _aCentro Nacional de Memoria Histórica,
245 1 0 _aYo aporto a la verdad
_h[electronic resource] :
_bacuerdos de contribución a la verdad y la memoria histórica : mecanismo no judicial de contribución a la verdad, la memoria histórica y la reparación 1424/2010 /
_cCentro Nacional de Memoria Histórica.
250 _aPrimera edición.
260 1 _aBogotá : :
_bCentro Nacional de Memoria Histórica,
_c2014.
300 _a243 páginas :
_bgráficos, ilustraciones, fotografías a color ;
_c27 cm.
490 0 _a"Informe No. 1. Dirección de acuerdos a la verdad"--cubierta
504 _aBibliografía: páginas 233-243.
520 2 _aEste Informe No 1 del CNMH-DAV entrega información y consideraciones sobre el diseño y puesta en marcha del mecanismo no judicial de contribución a la verdad y la memoria histórica, implementado con los Acuerdos de la Verdad, lo cual ha implicado el desarrollo de una serie de actividades que les son inherentes. Entrega consideraciones de enfoque, de fundamentación jurídica, sobre la metodología adoptada y el contexto en el cual se actúa. De tal forma, también rinde cuentas públicamente sobre el cumplimiento de las obligaciones legales asumidas, especifica avance en el desarrollo del Plan de Acción definido y refiere los resultados conseguidos entre los años 2012 y 2013.
650 1 4 _aProcesos de paz.
650 2 4 _aDesmovilizados.
650 2 4 _aParamilitares.
856 7 _uhttps://unicurn.sharepoint.com/sites/biblioteca/Conservacin/Forms/AllItems.aspx?id=%2Fsites%2Fbiblioteca%2FConservacin%2Fkoha%2FLibros%2F978%2D958%2D8469%2D86%2D7%2Epdf&parent=%2Fsites%2Fbiblioteca%2FConservacin%2Fkoha%2FLibros&p=true&ga=1
_zClick para ver el texto completo
942 _cCF
_2ddc
_h303.609
_iC397
999 _c7170
_d7170